| 000 | 00898cam a2200265 a 4500 | ||
|---|---|---|---|
| 003 | OSt | ||
| 005 | 20251106122200.0 | ||
| 008 | |||
| 020 | _a9780078288814 (Paperback) | ||
| 040 |
_cNUST _aNUST _beng _dNUST _erda |
||
| 050 | _aTK9901 FOW | ||
| 100 | 1 |
_aFowler, Richard J. _eAuthor |
|
| 245 | 1 | 0 |
_aExperiments manual for electricity : _bprinciples and applications / _cRichard J. Fowler. |
| 250 | _aSixth edition. | ||
| 260 |
_aNew York : _bGlencoe/McGraw-Hill, _c©2003. |
||
| 300 |
_ax, 222 pages : _billustrations ; _c28 cm. |
||
| 336 |
_2rdacontent _atext _btxt |
||
| 337 |
_2rdamedia _aunmediated _bn |
||
| 338 |
_2rdacarrier _avolume _bnc |
||
| 504 | _a[ ] | ||
| 650 | _aElectricity experiments manual. | ||
| 650 | _aElectricity experiments. | ||
| 650 | 0 | _aElectricity. | |
| 942 |
_cBOOKS _kTK _mFOW _2lcc _eSixth edition. _hTK9901 FOW _n0 |
||
| 999 |
_c140512 _d140512 |
||